000 02361nam a22002057a 4500
005 20250211110932.0
008 250211b ||||| |||| 00| 0 eng d
020 _a9789811932045
040 _cAL
041 _aeng
082 _223
_a332.1
_bMUKR
100 _aParamita Mukherjee
_9198940
245 _aRevisiting the Indian financial sector
_b: recent issues and perspectives
260 _aSingapore
_bSpringer
_c2022
300 _aviii,300p
_bHB
_c23.5x16cm.
365 _2General
_a6391
_b₹1596.00
_c
_d₹1995.00
_e20%
_f6/02/2025
520 _aThis book provides perspectives on the latest developments and pertinent issues in the Indian financial sector in current times. The reforms initiated in the nineties in the financial sector have transformed the way financial markets and institutions function today. However, certain sectors like banking, and markets like the capital market have undergone sea changes. The research contributions in this book focus on the issues pertaining to such sectors like banking, NBFCs and the stock marke The opening up of financial markets and emergence of institutional investors have been a significant phenomenon in the Indian context. At this backdrop of increasing financial integration, the impact of financial liberalisation on the overall development of the sector, and how the global policies and events influence the Indian financial sector, are analysed in the book. The emergence of new regulations in the capital markets to instill more discipline and transparency, have also changed the way corporates take financing decisions. For example, regulatory authorities are continuously reviewing norms pertaining to issues like promoters’ shareholding owing to risks arising from excessive leverage and the linkages between financial intermediaries. Corporate governance, environmental aspects are some important additions in corporate financing norms in the recent past. The book incorporates a discussion on this, too. Apart from these, the book also has incorporated several aspects on an emerging concept called financial inclusion, its measurement and constraints to achieve the same. And finally, at the backdrop of the disruption created by the COVID-19 pandemic, the impact on the Indian capital market is also discussed.
650 _2Economics
_aFinancial Economics
_9198941
942 _2ddc
_cBK
999 _c233746
_d233746